000 00435nmm a2200157Ia 4500
008 251105s9999||||xx |||||||||||||||||und||
020 _a9788425221347
041 _aspa
100 _aBerger, John
245 0 _aOtra manera de contar
264 _a[Madrid, España] :
_bEditorial Gustavo Gili,
_c2007
300 _a87 páginas
650 _aArts in general
856 _uhttps://public.digitaliapublishing.com/a/41238
942 _cCF
999 _c80237
_d80237